000 00556nam a2200217Ia 4500
003 OSt
005 20221007070224.0
006 a|||||r|||| 00| 0
007 ta
008 221006b |||||||| |||| 00| 0 eng d
024 _a13,871
037 _cTextual
040 _aFLL
_cFLL
_beng
041 _2eng
_aeng
082 _aX:327.1.N7, L7
245 0 _aLicensing guide for developing countries
260 _aGeneva
_bWIPO Geneva
_c1977
300 _a184p
_ccm.
942 _hX:327.1.N7, L7
_cTEXL
_2CC
999 _c1139853
_d1139853